| 000 | 01057nam a2200301Ia 4500 | ||
|---|---|---|---|
| 003 | CO-BoRNBP | ||
| 005 | 20230830202121.0 | ||
| 007 | ta | ||
| 008 | 141031s9999 xx 000 0 und d | ||
| 020 | _a9789681645465 | ||
| 040 |
_aCO-BoRNBP _bspa _erda _cCO-BoRNBP |
||
| 084 | _aN HOW2 | ||
| 100 | 1 | 0 |
_aHowe, Deborah _92765 |
| 245 |
_aBonícula : una historia de misterio conejil _cDeborah y James Howe ; traducido por David Huerta ; ilustrado por Francisco Nava Bouchaín |
||
| 250 | _a1a. edición | ||
| 264 |
_aMéxico _b Fondo de Cultura Económica _c2013 |
||
| 300 |
_a91 páginas _bilustraciones _c19 cm. |
||
| 336 |
_atexto _btxt _2rdacontent |
||
| 337 |
_asin mediación _bn _2rdamedia |
||
| 338 |
_avolumen _bnc _2rdacarrier |
||
| 650 | 1 | 4 |
_aNovela infantil estadounidense _2LEMB _92766 |
| 650 |
_a Autores Estadounidenses _2LEMB _9718 |
||
| 650 |
_aCuentos Estadounidenses _2LEMB _92727 |
||
| 700 | 1 | 0 |
_aHowe, James _92767 |
| 700 | 1 | 0 |
_aHuerta, David _etraductor _92768 |
| 700 | 1 | 0 |
_aNava Bouchaín, Francisco _eilustrador _92769 |
| 942 |
_2loc _cBK |
||
| 999 |
_c9684 _d9684 |
||